[Event "Bratislava Slovakia op"]
[Site "Bratislava"]
[Date "2022.10.02"]
[Round "8"]
[White "Yankelevich, Lev"]
[Black "Nytra, Ondrej"]
[Result "1-0"]
[WhiteElo "2484"]
[BlackElo "2233"]
[PlyCount "50"]
[EventDate "2022.09.30"]
[EventType "swiss (rapid)"]
[EventRounds "9"]
[EventCountry "SVK"]
[SourceTitle "CBM 210 Extra"]
[Source "ChessBase"]
[SourceDate "2022.11.30"]
[SourceVersion "1"]
[SourceVersionDate "2022.11.30"]
[SourceQuality "1"]

1. Nf3 d5 2. d4 c6 3. c4 e6 4. e3 Nf6 5. Bd3 dxc4 6. Bxc4 b5 7. Bd3 Bb7 8. 0-0 a6 9. e4 c5 10. e5 c4 11. exf6 cxd3 12. fxg7 Bxg7 13. Qxd3 Nc6 14. Bg5 Qd7 15. Nc3 Nxd4 16. Nxd4 Bxd4 17. Be3 Rg8 18. f3 Bxc3 19. Qxc3 Rc8 20. Qf6 Qd3 21. Bg5 Qd6 22. Rac1 Rg6 23. Rxc8+ Bxc8 24. Qh8+ Qf8 25. Rd1 Qxh8 1-0

[Event "Bratislava Slovakia op"]
[Site "Bratislava"]
[Date "2022.09.30"]
[Round "3"]
[White "Nytra, Ondrej"]
[Black "Roshka, Yevgeniy"]
[Result "1-0"]
[WhiteElo "2233"]
[BlackElo "2507"]
[PlyCount "61"]
[EventDate "2022.09.30"]
[EventType "swiss (rapid)"]
[EventRounds "9"]
[EventCountry "SVK"]
[SourceTitle "CBM 210 Extra"]
[Source "ChessBase"]
[SourceDate "2022.11.30"]
[SourceVersion "1"]
[SourceVersionDate "2022.11.30"]
[SourceQuality "1"]

1. e4 g6 2. d4 Bg7 3. f4 d5 4. e5 Nh6 5. Be3 0-0 6. Nf3 b6 7. a4 a5 8. Na3 Ba6 9. Qd2 Bxf1 10. Rxf1 Qd7 11. b3 Na6 12. h3 f5 13. Ng5 e6 14. c3 Rfc8 15. Kf2 Bf8 16. Kg1 c6 17. Qe2 Nc7 18. Nc2 b5 19. Bd2 Rab8 20. Rfb1 Nf7 21. Nxf7 Kxf7 22. axb5 Rxb5 23. c4 dxc4 24. bxc4 Rxb1+ 25. Rxb1 c5 26. d5 exd5 27. Bxa5 Ne6 28. Qf3 Ra8 29. cxd5 Rxa5 30. Rb7 Nc7 31. e6+ 1-0

[Event "Bratislava Slovakia op"]
[Site "Bratislava"]
[Date "2022.09.30"]
[Round "1"]
[White "Nytra, Ondrej"]
[Black "Stocek, Jiri"]
[Result "0-1"]
[WhiteElo "2233"]
[BlackElo "2559"]
[PlyCount "32"]
[EventDate "2022.09.30"]
[EventType "swiss (rapid)"]
[EventRounds "9"]
[EventCountry "SVK"]
[SourceTitle "CBM 210 Extra"]
[Source "ChessBase"]
[SourceDate "2022.11.30"]
[SourceVersion "1"]
[SourceVersionDate "2022.11.30"]
[SourceQuality "1"]

1. e4 d6 2. d4 Nf6 3. Nc3 g6 4. f4 Bg7 5. Nf3 Nc6 6. e5 dxe5 7. fxe5 Nd5 8. Bc4 Be6 9. Ng5 Nxc3 10. Bxe6 Nxd1 11. Bxf7+ Kf8 12. Rf1 Nxd4 13. Bxg6+ Bf6 14. Bd3 Kg7 15. exf6+ exf6 16. Nf3 Nxc2+ 0-1

[Event "Olomouc IM1 23rd"]
[Site "Olomouc"]
[Date "2022.08.16"]
[Round "5"]
[White "Nytra, Ondrej"]
[Black "Lalic, Bogdan"]
[Result "1/2-1/2"]
[WhiteElo "2202"]
[BlackElo "2415"]
[PlyCount "46"]
[EventDate "2022.08.13"]
[EventType "tourn"]
[EventRounds "9"]
[EventCountry "CZE"]
[EventCategory "1"]
[SourceTitle "CBM 209 Extra"]
[Source "ChessBase"]
[SourceDate "2022.09.30"]
[SourceVersion "1"]
[SourceVersionDate "2022.09.30"]
[SourceQuality "1"]

1. e4 c5 2. Nf3 d6 3. d4 cxd4 4. Nxd4 Nf6 5. Nc3 Nc6 6. Be2 e5 7. Nf3 h6 8. 0-0 Be7 9. Re1 0-0 10. b3 a6 11. Bb2 b5 12. Qd2 Bg4 13. h3 Bxf3 14. Bxf3 Nd4 15. Bd1 Rc8 16. a4 Qc7 17. axb5 axb5 18. Re3 Qb7 19. Qd3 Rfd8 20. Nd5 Nxd5 21. exd5 b4 22. Bxd4 exd4 23. Rf3 Qxd5 1/2-1/2

[Event "Olomouc IM1 23rd"]
[Site "Olomouc"]
[Date "2022.08.15"]
[Round "4"]
[White "Nagy, Ladislav1111"]
[Black "Nytra, Ondrej"]
[Result "1/2-1/2"]
[WhiteElo "2194"]
[BlackElo "2202"]
[PlyCount "67"]
[EventDate "2022.08.13"]
[EventType "tourn"]
[EventRounds "9"]
[EventCountry "CZE"]
[EventCategory "1"]
[SourceTitle "CBM 209 Extra"]
[Source "ChessBase"]
[SourceDate "2022.09.30"]
[SourceVersion "1"]
[SourceVersionDate "2022.09.30"]
[SourceQuality "1"]

1. e4 e5 2. Bc4 Nf6 3. d3 Nc6 4. Nf3 Bc5 5. 0-0 0-0 6. Bg5 h6 7. Bh4 Be7 8. Bg3 d6 9. a4 Bg4 10. h3 Be6 11. Nbd2 Nd7 12. c3 Kh8 13. b4 Qe8 14. b5 Na5 15. Bxe6 fxe6 16. d4 exd4 17. cxd4 c5 18. d5 e5 19. Nb3 Nxb3 20. Qxb3 Qg6 21. Qd3 Rf7 22. Nd2 Raf8 23. Qe2 Nf6 24. Ra3 Bd8 25. a5 Nh5 26. Bh2 Bh4 27. Rf3 Rxf3 28. Nxf3 Bd8 29. Ra1 b6 30. a6 Bg5 31. Ne1 Bh4 32. Nf3 Bg5 33. Ne1 Bh4 34. Nf3 1/2-1/2

[Event "Pardubice Czech op-A 33rd"]
[Site "Pardubice"]
[Date "2022.07.23"]
[Round "2"]
[White "Nemec, Jachym"]
[Black "Nytra, Ondrej"]
[Result "1-0"]
[WhiteElo "2357"]
[BlackElo "2214"]
[PlyCount "53"]
[EventDate "2022.07.22"]
[EventType "swiss"]
[EventRounds "9"]
[EventCountry "CZE"]
[SourceTitle "CBM 209 Extra"]
[Source "ChessBase"]
[SourceDate "2022.09.30"]
[SourceVersion "1"]
[SourceVersionDate "2022.09.30"]
[SourceQuality "1"]

1. d4 Nf6 2. c4 Nc6 3. Nf3 e6 4. a3 d6 5. Nc3 g6 6. d5 Ne7 7. e4 Bg7 8. Bd3 0-0 9. h3 c6 10. dxe6 fxe6 11. 0-0 Nh5 12. Re1 e5 13. c5 d5 14. exd5 Rxf3 15. Qxf3 cxd5 16. Bg5 Be6 17. Bxe7 Qxe7 18. Nxd5 Qxc5 19. Be4 Bxd5 20. Bxd5+ Kh8 21. Rac1 Qb6 22. Bxb7 Rb8 23. Rc8+ Rxc8 24. Bxc8 Qxb2 25. Bg4 h6 26. Bxh5 gxh5 27. Rd1 1-0

[Event "Teplice op 15th"]
[Site "Teplice"]
[Date "2022.06.20"]
[Round "3"]
[White "Sankalp, Gupta"]
[Black "Nytra, Ondrej"]
[Result "1-0"]
[WhiteElo "2505"]
[BlackElo "2174"]
[PlyCount "59"]
[EventDate "2022.06.18"]
[EventType "swiss"]
[EventRounds "9"]
[EventCountry "CZE"]
[SourceTitle "CBM 209 Extra"]
[Source "ChessBase"]
[SourceDate "2022.09.30"]
[SourceVersion "1"]
[SourceVersionDate "2022.09.30"]
[SourceQuality "1"]

1. e4 e5 2. Nf3 Nc6 3. Bb5 a6 4. Ba4 Nf6 5. 0-0 Be7 6. Re1 b5 7. Bb3 d6 8. c3 0-0 9. h3 a5 10. d4 a4 11. Bc2 Bd7 12. Na3 Qb8 13. Bg5 h6 14. Bh4 Rd8 15. Qe2 exd4 16. cxd4 Nb4 17. Bb1 c5 18. e5 dxe5 19. dxe5 Nfd5 20. Qe4 g6 21. Bxe7 Nxe7 22. Qh4 Nf5 23. Bxf5 Bxf5 24. Qxh6 Nd3 25. Ng5 Ra7 26. Re3 Qb6 27. Nh7 Nxe5 28. Rxe5 f6 29. Rxf5 gxf5 30. Qg6+ 1-0

[Event "Marienske Lazne op 20th"]
[Site "Marianske Lazne"]
[Date "2022.01.19"]
[Round "6"]
[White "Balje, Jan"]
[Black "Nytra, Ondrej"]
[Result "0-1"]
[WhiteElo "2198"]
[BlackElo "2146"]
[PlyCount "80"]
[EventDate "2022.01.15"]
[EventType "swiss"]
[EventRounds "9"]
[EventCountry "CZE"]
[SourceTitle "CBM 206 Extra"]
[Source "ChessBase"]
[SourceDate "2022.03.31"]
[SourceVersion "1"]
[SourceVersionDate "2022.03.31"]
[SourceQuality "1"]

1. d4 d5 2. c4 e6 3. Nf3 c6 4. Nc3 dxc4 5. e3 b5 6. a4 Bb4 7. Bd2 a5 8. axb5 Bxc3 9. Bxc3 cxb5 10. b3 Bb7 11. bxc4 b4 12. Bb2 Nf6 13. c5 0-0 14. Bb5 Qc7 15. 0-0 Nbd7 16. Ba4 Ng4 17. g3 f5 18. Nd2 Ndf6 19. Qb3 Bd5 20. Qd3 Nh5 21. Nc4 Nxh2 22. Kxh2 Rf6 23. Nb6 Nxg3 24. Nxd5 Nxf1+ 25. Kg2 exd5 26. Kxf1 g5 27. Bb3 Qc6 28. e4 fxe4 29. Qxe4 Qb5+ 30. Kg2 Kh8 31. Qxd5 Raf8 32. Qe5 Qd3 33. Bd5 Qc2 34. Bc1 Qxf2+ 35. Kh1 Qf1+ 36. Kh2 h6 37. Ra2 g4 38. Bxh6 Kh7 39. Bg2 Rxh6+ 40. Kg3 Qd3+ 0-1

[Event "Marienske Lazne op 20th"]
[Site "Marianske Lazne"]
[Date "2022.01.17"]
[Round "3"]
[White "Nytra, Ondrej"]
[Black "Hubka, Roland"]
[Result "1-0"]
[WhiteElo "2146"]
[BlackElo "1921"]
[PlyCount "68"]
[EventDate "2022.01.15"]
[EventType "swiss"]
[EventRounds "9"]
[EventCountry "CZE"]
[SourceTitle "CBM 206 Extra"]
[Source "ChessBase"]
[SourceDate "2022.03.31"]
[SourceVersion "1"]
[SourceVersionDate "2022.03.31"]
[SourceQuality "1"]

1. e4 e6 2. d4 d5 3. e5 c5 4. c3 Qb6 5. Nf3 Nc6 6. a3 c4 7. Nbd2 Na5 8. g3 Nh6 9. h4 Bd7 10. Bh3 Be7 11. 0-0 Nf5 12. Ne1 0-0 13. Ng2 Rad8 14. Nf3 g6 15. h5 Ng7 16. hxg6 fxg6 17. Rb1 Rde8 18. Bh6 Rf7 19. Bxg7 Kxg7 20. Ne3 Qd8 21. Nd2 Nc6 22. f4 Ref8 23. Qe2 b5 24. Nxd5 exd5 25. Bxd7 Qb6 26. Nf3 Rd8 27. Bh3 a5 28. Ng5 Bxg5 29. fxg5 Rdf8 30. Rf6 Re7 31. Rbf1 Rfe8 32. Qf2 Qb7 33. Rf8 h5 34. Qf6+ Kh7 1-0